Cagliostro, el mago tenebroso (Record no. 111306)

MARC details
000 -LEADER
campo de control de longitud fija 00763nam a2200193 i 4500
001 - NÚMERO DE CONTROL
campo de control 111306
003 - IDENTIFICADOR DE NÚMERO DE CONTROL
campo de control ES-MaACL
005 - FECHA Y HORA DE LA ÚLTIMA TRANSACCIÓN
campo de control 20230906185259.0
007 - CAMPO FIJO DE DESCRIPCIÓN FÍSICA--INFORMACIÓN GENERAL
campo de control de longitud fija t|
008 - DATOS DE LONGITUD FIJA--INFORMACIÓN GENERAL
campo de control de longitud fija 061121s1947 sp r ||||1| spa d
100 1# - ENTRADA PRINCIPAL--NOMBRE DE PERSONA
Nombre de persona Oliván, Federico,
Fechas asociadas al nombre 1886-1973
9 (RLIN) 86743
245 10 - MENCIÓN DEL TÍTULO
Título Cagliostro, el mago tenebroso
Resto del título : ensayo biográfico sobre la vida y milagros del famoso aventurero y ocultista del siglo XVIII /
Mención de responsabilidad, etc. Federico Oliván ; prólogo de José Antonio de Sangroniz.
260 ## - PUBLICACIÓN, DISTRIBUCIÓN, ETC.
Lugar de publicación, distribución, etc. Madrid :
Nombre del editor, distribuidor, etc. Mayfe,
Fecha de publicación, distribución, etc. 1947.
300 ## - DESCRIPCIÓN FÍSICA
Extensión XV, 351 p. ;
Dimensiones 18 cm.
600 14 - PUNTO DE ACCESO ADICIONAL DE MATERIA--NOMBRE DE PERSONA
Nombre de persona Cagliostro, Alessandro
Títulos y otros términos asociados al nombre conte di.
9 (RLIN) 33427
700 1# - ENTRADA AGREGADA--NOMBRE PERSONAL
Nombre de persona Desio, José Antonio de Sangroniz y Castro, Marqués de,
Fechas asociadas al nombre 1899-1980
9 (RLIN) 103145
852 ## - LOCALIZACIÓN
Ubicación ES-MaACL
Número de control de estantería C-4017
Sublocalización o colección R.23799
Holdings
Estatus retirado Estado de pérdida Estado de daño No para préstamo Biblioteca de origen Biblioteca actual Ubicación en estantería Fecha de adquisición Fuente de adquisición Total de préstamos Signatura topográfica completa Código de barras Visto por última vez Precio de reemplazo Tipo de ítem Koha
        Biblioteca del Ateneo de Madrid Biblioteca del Ateneo de Madrid Sala Palomar 17/01/2008     C-4017 1116125 23/02/2023 23/02/2023 Libro impreso